[Event "Sherbrooke Hivernal op"]
[Site "Sherbrooke"]
[Date "2008.03.16"]
[Round "4"]
[White "Doucet, Jean Pascal"]
[Black "Lepage Lepitre, Etienne"]
[Result "1-0"]
[WhiteElo "983"]
[BlackElo "1027"]
[PlyCount "96"]
[EventDate "2008.03.14"]
[EventType "swiss"]
[EventRounds "5"]
[EventCountry "CAN"]
[SourceTitle "EXT 2011"]
[Source "ChessBase"]
[SourceDate "2010.11.26"]
[SourceVersion "1"]
[SourceVersionDate "2010.11.26"]
[SourceQuality "1"]

1. e4 e5 2. Nf3 Nc6 3. Nc3 Nf6 4. Bc4 Bb4 5. Ng5 0-0 6. 0-0 Bxc3 7. dxc3 d5 8. exd5 Nxd5 9. Bxd5 h6 10. Bxc6 bxc6 11. Qxd8 Rxd8 12. Nf3 Ba6 13. Re1 e4 14. Nd2 Re8 15. Nxe4 f5 16. f3 fxe4 17. fxe4 c5 18. Bd2 Bb7 19. Rad1 Bxe4 20. Rc1 Bh7 21. Rxe8+ Rxe8 22. b4 cxb4 23. cxb4 Rb8 24. a3 Rd8 25. Be1 g5 26. c4 Bd3 27. Rd1 h5 28. Kf2 Rf8+ 29. Ke3 Bxc4 30. Rd4 Ba6 31. Rd5 Re8+ 32. Kd2 Kh7 33. Rxg5 Rd8+ 34. Kc2 Bd3+ 35. Kc3 Kh6 36. Rg3 Bg6 37. Bd2+ Kh7 38. h4 Rg8 39. Rf3 Be4 40. Rf7+ Kh8 41. Bg5 Rg7 42. Bf6 Kg8 43. Rxg7+ Kf8 44. Rxc7 Bxg2 45. Rxa7 Bd5 46. Rd7 Be6 47. Rc7 Bf7 48. b5 Kg8 1-0